Athiopien (Record no. 91296)

MARC details
000 -LEADER
campo de control de longitud fija 00436nam a2200145 i 4500
001 - NÚMERO DE CONTROL
campo de control 91296
003 - IDENTIFICADOR DE NÚMERO DE CONTROL
campo de control ES-MaACL
007 - CAMPO FIJO DE DESCRIPCIÓN FÍSICA--INFORMACIÓN GENERAL
campo de control de longitud fija t|
008 - DATOS DE LONGITUD FIJA--INFORMACIÓN GENERAL
campo de control de longitud fija 050128s1955 gw ||||1| ger d
100 1# - ENTRADA PRINCIPAL--NOMBRE DE PERSONA
Nombre de persona Leuenberger, Hans.
9 (RLIN) 71899
245 10 - MENCIÓN DEL TÍTULO
Título Athiopien
Resto del título : Kaiserreich seit Salomon /
Mención de responsabilidad, etc. von Hans Leuenberger.
260 ## - PUBLICACIÓN, DISTRIBUCIÓN, ETC.
Lugar de publicación, distribución, etc. Zürich :
Nombre del editor, distribuidor, etc. Stauffacher,
Fecha de publicación, distribución, etc. [1955] (
Fabricante Hans Kern)
300 ## - DESCRIPCIÓN FÍSICA
Extensión 232 p., 22 lám. ;
Dimensiones 21 cm.
852 ## - LOCALIZACIÓN
Ubicación ES-MaACL
Número de control de estantería E-7333
Sublocalización o colección R.91927
Holdings
Estatus retirado Estado de pérdida Estado de daño No para préstamo Biblioteca de origen Biblioteca actual Ubicación en estantería Fecha de adquisición Fuente de adquisición Total de préstamos Signatura topográfica completa Código de barras Visto por última vez Precio de reemplazo Tipo de ítem Koha
        Biblioteca del Ateneo de Madrid Biblioteca del Ateneo de Madrid Depósito 2 17/01/2008     E-7333 1095317 23/02/2023 23/02/2023 Libro impreso